| 000 | 00438nam a2200181Ia 4500 | ||
|---|---|---|---|
| 001 | 24012 | ||
| 005 | 20260414151015.0 | ||
| 008 | 260414t2021||||xx |||||||||||||| ||spa|| | ||
| 041 | _aESP | ||
| 082 |
_a720.9 _bZ55 V. 1 |
||
| 100 |
_aZeballos Velarde, Carlos _eAUT |
||
| 245 | 0 |
_aArquitectura y paisaje sacro _b |
|
| 260 | _c2021 | ||
| 300 |
_a251 páginas : _c59 cm. |
||
| 650 | _aABD | ||
| 654 | _aCAU | ||
| 942 |
_cLIB _dJUS _fJUS _2ddc _n |
||
| 999 |
_c24012 _d24012 |
||